Statistiques concernant Pokémon- Les double types les plus représentés

Cliquez ici pour prendre le quiz!

Statistiques générales

  • Ce quiz a été pris 67 fois
  • Le résultat moyen est 8 sur 15

Statistiques - réponses

Nombre de Pokémon ayant ce Double typeDouble type% Correct
27Normal/Vol
95%
9Roche/Sol
84%
14Plante/Poison
80%
8Eau/Vol
73%
13Insecte/Vol
71%
8Eau/Glace
68%
12Insecte/Poison
66%
9Fée/Psy
52%
9Eau/Sol
43%
9Psy/Vol
38%
8Acier/Psy
34%
11Eau/Roche
34%
10Plante/Spectre
21%
8Feu/Spectre
20%
8Vol/Ténèbres
9%

Distribution des résultats

Percentile par nombre de réponses

% des personnes avec chaque résultat

Votre développement - résultats

Vous n’avez pas pris ce quiz